Buddhist heritage in india and sri lanka : (Record no. 155919)

MARC details
000 -LEADER
fixed length control field 00634nam a22001937a 4500
005 - DATE AND TIME OF LATEST TRANSACTION
control field 20180814161258.0
010 ## - LCCN (DPL NO)
LC control number ENG-123731
020 ## - INTERNATIONAL STANDARD BOOK NUMBER
International Standard Book Number 9788174792037
Terms of availability 595.00
035 ## - SYSTEM CONTROL NUMBER
System control number EN-107263
037 ## - SOURCE OF ACQUISITION
Source of stock number/acquisition DBAD/PUB
082 00 - DEWEY DECIMAL CLASSIFICATION NUMBER
Classification number 250.934
100 ## - MAIN ENTRY--PERSONAL NAME
Personal name Fernando, R.P.
245 10 - TITLE STATEMENT
Title Buddhist heritage in india and sri lanka :
Statement of responsibility, etc by R.P. Fernando
Remainder of title rediscovery and restoration /
260 ## - PUBLICATION, DISTRIBUTION, ETC. (IMPRINT)
Place of publication, distribution, etc New Delhi
Name of publisher, distributor, etc Kaveri Books
Date of publication, distribution, etc 2017
270 ## - ADDRESS
Address 4832/24, Ansari Road, Daryaganj,
City New Delhi
Postal code 110002
300 ## - PHYSICAL DESCRIPTION
Extent vii,101p.
Dimensions 22cm.(Hb)
Other physical details ill.
500 ## - GENERAL NOTE
General note It includes bibliography and index
942 ## - ADDED ENTRY ELEMENTS (KOHA)
Source of classification or shelving scheme Dewey Decimal Classification
Item type English Books
Classification part 250.934
Call number suffix FER
Holdings
Withdrawn status Lost status Not for loan Collection code Home library Current library Date acquired Source of acquisition Cost, normal purchase price Full call number Barcode Copy number Cost, replacement price Koha item type
    Not For Loan Non-fiction D.B.Act.Division Bawana 14/08/2018 DBAD/PUB 595.00 250.934 FER EN-107263 1 595.00 English Books

© Delhi Public Library
Hit Counter
free hit counter